Les gagnants de la Star Academy - Statistiques

Statistiques générales
  • Ce quiz a été pris 334 fois
    150 depuis la dernière actualisation
  • Le résultat moyen est 8 sur 12
Statistiques - réponses
Année Chaine Gagnant % Correct
2001 TF1 Jenifer
95%
2023 TF1 Pierre Garnier
95%
2024 TF1 Marine Delplace
94%
2004 TF1 Grégory Lemarchal
89%
2002 TF1 Nolwenn Leroy
85%
2022 TF1 Anisha Jo
76%
2003 TF1 Élodie Frégé
67%
2005 TF1 Magalie Vaé
54%
2007 TF1 Quentin Mosimann
53%
2006 TF1 Cyril Cinélu
42%
2012 NRJ 12 Laurène Bourvon
28%
2008 TF1 Mickels Réa
24%
Aucun quiz correspondant
Distribution des résultats
% des personnes avec chaque résultat
Percentile par nombre de réponses
Votre historique - résultats
Vous n’avez pas pris ce quiz depuis la dernière actualisation